| 000 | 00530nam a22002057a 4500 | ||
|---|---|---|---|
| 003 | OSt | ||
| 005 | 20190307130947.0 | ||
| 008 | 170208b xxu||||| |||| 00| 0 eng d | ||
| 020 | _a1592004733 | ||
| 040 | _cDDC | ||
| 082 | _a006.7 MEL 2004 | ||
| 100 |
_aMeloni, Julie _911508 |
||
| 245 | _aPHP 5: fast & easy Web Development | ||
| 260 | _aUS; Thomson, 2004 | ||
| 300 | _axxi,545p; ill: 23cm | ||
| 504 | _aAppendices, & index included | ||
| 650 |
_aWeb development _911509 |
||
| 650 |
_aWebsites _911510 |
||
| 942 |
_2z _cO_SHELF |
||
| 999 |
_c5516 _d5516 |
||